[Event "ISR-chT"]
[Site "Israel"]
[Date "2022.01.21"]
[Round "3.2"]
[White "Nabaty, Tamir"]
[Black "Globus, Or"]
[Result "1-0"]
[WhiteElo "2643"]
[BlackElo "2425"]
[PlyCount "39"]
[EventDate "2022.01.14"]
[EventType "team-tourn"]
[EventRounds "11"]
[EventCountry "ISR"]
[SourceTitle "EXT 2023"]
[Source "ChessBase"]
[SourceDate "2022.10.05"]
[SourceVersion "1"]
[SourceVersionDate "2022.10.05"]
[SourceQuality "1"]
[WhiteTeam "Beer Sheva"]
[BlackTeam "Ramat Gan Etude"]
[WhiteTeamCountry "ISR"]
[BlackTeamCountry "ISR"]

1. d4 Nf6 2. c4 e6 3. g3 d5 4. Bg2 dxc4 5. Qa4+ Nbd7 6. Qxc4 a6 7. Qc2 Rb8 8. Nh3 Bd6 9. 0-0 0-0 10. e4 e5 11. dxe5 Nxe5 12. Nc3 b5 13. Kh1 Bb4 14. Bg5 Qd3 15. Qxd3 Nxd3 16. Bxf6 gxf6 17. Nd5 Bd6 18. b3 f5 19. Rad1 Nc5 20. e5 1-0

[Event "ISR-chT"]
[Site "Israel"]
[Date "2022.01.14"]
[Round "1.3"]
[White "Nabaty, Tamir"]
[Black "Dvoirys, Semen I"]
[Result "1-0"]
[WhiteElo "2643"]
[BlackElo "2425"]
[PlyCount "99"]
[EventDate "2022.01.14"]
[EventType "team-tourn"]
[EventRounds "11"]
[EventCountry "ISR"]
[SourceTitle "EXT 2023"]
[Source "ChessBase"]
[SourceDate "2022.10.05"]
[SourceVersion "1"]
[SourceVersionDate "2022.10.05"]
[SourceQuality "1"]
[WhiteTeam "Beer Sheva"]
[BlackTeam "Beer Sheva II"]
[WhiteTeamCountry "ISR"]
[BlackTeamCountry "ISR"]

1. d4 Nf6 2. Nf3 g6 3. Nbd2 d5 4. e3 Bg7 5. b4 a5 6. b5 a4 7. Ba3 Nbd7 8. c4 dxc4 9. Bxc4 0-0 10. 0-0 Nb6 11. Bd3 Re8 12. Qc2 Nfd5 13. Rac1 Be6 14. Ne4 Bf5 15. Nc5 Bxd3 16. Qxd3 Qc8 17. h3 Nd7 18. Rc2 Nxc5 19. Rxc5 Qe6 20. Ng5 Qd7 21. e4 Nb6 22. Rfc1 Rac8 23. Nf3 e5 24. d5 Bf8 25. R5c2 Bxa3 26. Qxa3 Qxb5 27. Rxc7 Rxc7 28. Rxc7 Qb1+ 29. Qc1 Qxc1+ 30. Rxc1 f5 31. Rc5 fxe4 32. Nd2 Nd7 33. Rb5 Nf6 34. d6 Rc8 35. Rxb7 Kf8 36. Rc7 Rb8 37. Kh2 Ke8 38. Re7+ Kd8 39. Nc4 Rb5 40. Nxe5 Rc5 41. g4 g5 42. a3 Kc8 43. Re6 Rd5 44. Nf7 Nd7 45. Rxe4 Nb6 46. Rb4 Kb7 47. Nd8+ Ka6 48. Ne6 Rxd6 49. Nc5+ Ka7 50. Nxa4 1-0

[Event "ISR-ch op"]
[Site "Safed"]
[Date "2021.12.09"]
[Round "2"]
[White "Nabaty, Tamir"]
[Black "Zemach, Roee"]
[Result "1-0"]
[WhiteElo "2639"]
[BlackElo "2299"]
[PlyCount "65"]
[EventDate "2021.12.08"]
[EventType "swiss"]
[EventRounds "9"]
[EventCountry "ISR"]
[SourceTitle "CBM 205 Extra"]
[Source "ChessBase"]
[SourceDate "2022.01.31"]
[SourceVersion "1"]
[SourceVersionDate "2022.01.31"]
[SourceQuality "1"]

1. c4 e6 2. Nc3 Bb4 3. Qb3 c5 4. Nb5 Nf6 5. Nd6+ Ke7 6. Qg3 Nc6 7. a3 Nd4 8. axb4 Nc2+ 9. Kd1 Nxa1 10. e4 Qb6 11. e5 Ne8 12. b5 Qa5 13. Bd3 Qa4+ 14. Ke2 Nb3 15. Nf3 Qa1 16. Ng5 f6 17. Nge4 Nd4+ 18. Ke3 b6 19. f3 Bb7 20. Kf2 Bxe4 21. Bxe4 Rb8 22. Nxe8 Rbxe8 23. Qxg7+ Kd8 24. exf6 Qa4 25. f7 Ref8 26. Re1 Qxc4 27. d3 Qb4 28. Bg5+ Kc8 29. Kf1 Nb3 30. Be7 Nd2+ 31. Kf2 Qd4+ 32. Qxd4 cxd4 33. Rc1+ 1-0

[Event "ISR-ch op"]
[Site "Safed"]
[Date "2021.12.08"]
[Round "1"]
[White "Mamantov, Margarita"]
[Black "Nabaty, Tamir"]
[Result "0-1"]
[WhiteElo "2038"]
[BlackElo "2639"]
[PlyCount "48"]
[EventDate "2021.12.08"]
[EventType "swiss"]
[EventRounds "9"]
[EventCountry "ISR"]
[SourceTitle "CBM 205 Extra"]
[Source "ChessBase"]
[SourceDate "2022.01.31"]
[SourceVersion "1"]
[SourceVersionDate "2022.01.31"]
[SourceQuality "1"]

1. e4 c5 2. Nf3 e6 3. d4 cxd4 4. Nxd4 Bb4+ 5. c3 Be7 6. Be3 Nf6 7. Bd3 0-0 8. 0-0 b6 9. c4 d6 10. Nc3 Bb7 11. f4 Nbd7 12. Bc2 Rc8 13. Ndb5 Rxc4 14. Nxd6 Bxd6 15. Qxd6 Ng4 16. Bf2 Qc8 17. Bb3 Rc6 18. Qd2 Ndf6 19. Rad1 Rc7 20. Rfe1 Rd7 21. Qe2 Rxd1 22. Bxd1 Rd8 23. Bc2 Ba6 24. Qf3 Rd2 0-1